Skład Manchesteru United sezon 23/24 - Statystyki

Ogólne statystyki
  • Ten quiz został rozwiązany 235 razy
    115 od ostatniego zresetowania
  • Średni wynik to 13 z 28
Statystyki odpowiedzi
Pozycja Nazwisko % Poprawnych
Bramkarz Onana
97%
Napastnik Rashford
79%
Obrońca Maguire
73%
Obrońca Shaw
70%
Napastnik Hojlund
66%
Napastnik Garnacho
65%
Pomocnik Casemiro
64%
Obrońca Dalot
64%
Obrońca Varane
57%
Pomocnik Mainoo
52%
Obrońca Martinez
52%
Napastnik Martial
51%
Napastnik Antony
49%
Obrońca Lindelof
46%
Obrońca Wan-Bissaka
46%
Pomocnik Fernandez
44%
Pomocnik Eriksen
41%
Pomocnik McTominay
41%
Napastnik Diallo
40%
Obrońca Evans
38%
Obrońca Malacia
37%
Bramkarz Heaton
36%
Pomocnik Mount
34%
Bramkarz Bayindir
33%
Pomocnik Amrabat
16%
Pomocnik Van De Beek
12%
Napastnik Pellistri
11%
Pomocnik Hannibal
7%
Nie znaleziono quizów pasujących do podanych kryteriów
Rozkład punktacji
Procent ludzi z każdym wynikiem
Percentyl według liczby udzielonych odpowiedzi
Twoja historia wyników
Nie rozwiązałeś tego quizu od ostatniego zresetowania